[Event "Andalucia-ch U16"]
[Site "Islantilla"]
[Date "2012.04.13"]
[Round "2"]
[White "Orantes Taboada, Manuel"]
[Black "Diaz Zehl, Luis"]
[Result "0-1"]
[WhiteElo "1951"]
[BlackElo "1726"]
[PlyCount "68"]
[EventDate "2012.04.13"]
[EventType "swiss"]
[EventRounds "9"]
[EventCountry "ESP"]
[SourceTitle "CBM 148 Extra"]
[Source "ChessBase"]
[SourceDate "2012.06.22"]
[SourceVersion "1"]
[SourceVersionDate "2012.06.22"]
[SourceQuality "1"]

1. e4 c5 2. Nc3 Nc6 3. g3 g6 4. Bg2 Bg7 5. d3 d6 6. f4 Nf6 7. h3 Bd7 8. Nf3 0-0 9. 0-0 Qc8 10. Kh2 a6 11. Qe1 b5 12. g4 Nb4 13. Qf2 Bxg4 14. a3 Nc6 15. Nd5 Nxd5 16. exd5 Bxf3 17. Bxf3 Nd4 18. Bg4 Nf5 19. c3 h5 20. Bf3 Rb8 21. Bd2 a5 22. Rab1 Qd7 23. b4 axb4 24. axb4 Rfc8 25. bxc5 dxc5 26. Be4 Nd6 27. Bf3 c4 28. d4 Ra8 29. Rb2 Ra5 30. Re1 Rca8 31. Bc1 R8a7 32. Ree2 Ra3 33. Rec2 Nf5 34. Be4 Nxd4 0-1